| 000 | 00000nam 2200000zi 4500 |
| 001 | 9.558283 |
| 003 | CaOODSP |
| 005 | 20210720074504 |
| 007 | cr ||||||||||| |
| 008 | 150406s2002 xxc|||||o f|0| 0 eng d |
| 020 | |a0662330676 |
| 040 | |aCaOODSP|beng |
| 043 | |an-cn--- |
| 086 | 1 |aCP32-79/39-2002E-PDF|zCP32-79/39-2002E-IN |
| 100 | 1 |aChampagne, François, |eauthor. |
| 245 | 14|aThe ability to manage change in health organizations / |cby François Champagne. |
| 264 | 1|aSaskatoon, Saskatchewan : |bPrivy Council, |c2002. |
| 300 | |a1 online resource (x, 36 pages) : |bfigures. |
| 336 | |atext|btxt|2rdacontent |
| 337 | |acomputer|bc|2rdamedia |
| 338 | |aonline resource|bcr|2rdacarrier |
| 490 | 1 |aDiscussion paper ; |vNo. 39 |
| 504 | |aIncludes bibliographical references. |
| 590 | |a03-06|b2003-02-07 |
| 690 | 07|aDecision making|2gcpds |
| 690 | 07|aHealth care system|2gcpds |
| 690 | 07|aManagement|2gcpds |
| 690 | 07|aReform|2gcpds |
| 710 | 1 |aCommission on the Future of Health Care in Canada, |eissuing body. |
| 775 | 08|tLa capacité de gérer le changement dans les organisations de santé / |w(CaOODSP)9.591183 |
| 830 | #0|aDiscussion paper (Commission on the Future of Health Care in Canada)|vNo. 39|w(CaOODSP)9.504497 |
| 856 | 40|ahttp://publications.gc.ca|qPDF|s1436 KB|uhttps://publications.gc.ca/collections/Collection/CP32-79-39-2002E.pdf|yNo. 39 |